000 01251nam a2200325 a 4500
001 ebr10394831
003 CaPaEBR
006 m u
007 cr cn|||||||||
008 100831s2009 enka sb 001 0 eng d
020 _z9780335235605 (pb)
020 _z9780335235599 (hb)
020 _z0335235603 (pb)
020 _z033523559X (hb)
020 _z9780335240463 (e-book)
040 _aCaPaEBR
_cCaPaEBR
035 _a(OCoLC)680615490
050 1 4 _aLB3605
_b.W38 2009eb
100 1 _aWatson, David.
245 1 4 _aThe question of morale
_h[electronic resource] :
_bmanaging happiness and unhappiness in university life /
_cDavid Watson.
260 _aMaidenhead, England :
_bOpen University Press,
_c2009.
300 _axv, 165 p. :
_bill.
504 _aIncludes bibliographical references and index.
533 _aElectronic reproduction.
_bPalo Alto, Calif. :
_cebrary,
_d2010.
_nAvailable via World Wide Web.
_nAccess may be limited to ebrary affiliated libraries.
650 0 _aCollege students.
650 0 _aMorale.
655 7 _aElectronic books.
_2local
710 2 _aebrary, Inc.
856 4 0 _uhttp://site.ebrary.com/lib/rucke/Doc?id=10394831
_zAn electronic book accessible through the World Wide Web; click to view
999 _c190414
_d190414